Представление документа в формате RUSMARC

ПолеНазваниеЗначение
  Тип записи a
  Библиографический уровень m
001 Контрольный номер be2db9e9c2404f80b0f5cf4c3550bcea
005 Дата корректировки 20150803112127.0
010 Индекс ISBN __
a ISBN 978-5-16-006029-3
010 Индекс ISBN __
a ISBN 978-5-16-100656-6
101 Язык документа 0_
a Язык текста rus
102 Страна публикации __
a Страна публикации RU
200 Заглавие и сведения об ответственности 1_
a Заглавие Аудит и анализ при банкротстве: теория и практика
b Общее обозначение материала Текст
e Сведения, относящиеся к заглавию монография
f Первые сведения об ответственности М.В. Чернова
210 Выходные данные 1_
a Место издания Москва
c Издательство ИНФРА-М
d Дата издания 2014
215 Физическое описание __
a Объем 207 с.
225 Серия 2_
a Серия Научная мысль
320 Библиография __
a Библиография Библиогр.: с. 204
610 Ключевые слова 0_
a Ключевые слова аудит
a Ключевые слова анализ
a Ключевые слова банкротство
a Ключевые слова правовое регулирование банкротства
a Ключевые слова несостоятельность
a Ключевые слова планирование аудита при банкротстве
a Ключевые слова анализ финансового состояния организации
a Ключевые слова зарубежный опыт процедур банкротства
686 Индексы других классификаций __
a Классификационный индекс 65.052.23
686 Индексы других классификаций __
a Классификационный индекс 65.052.9(2)215
a Классификационный индекс 65.9(2)261.9
700 Автор _1
a Фамилия Чернова
b Имя М.В.
g Полное личное имя Мария Владимировна
801 Источник записи _0
a Страна RU
b Организация РУК
c Дата составления 20150220
g Правила каталогизации PSBO
801 Источник записи _1
c Дата составления 20150803
801 Источник записи _1
a Страна RU
b Организация РУК
c Дата составления 20150220
g Правила каталогизации PSBO
852 Данные о местонахождении __
i Авторский знак Ч-493
j Шифр хранения ББК 65.052.23
852 Данные о местонахождении __
i Авторский знак Ч-49
j Шифр хранения ББК 65.052
901 Тип документа __
t Тип документа m
937 Технологическая информация __
a Создатель записи (имя) Зоткина
937 Технологическая информация __
a Создатель записи (имя) Майорова
938 Служебная информация __
a Название организации Владимирский филиал
938 Служебная информация __
a Название организации Головной вуз
952 Тип литературы __
c Вид литературы монография